00000000nam##2200000za#4500
0019.691073
003CaOODSP
00520210624232617
007cr |||||||||||
008150407|2008||||xxc|||||o    f|0| 0 eng|d
020 |a978-0-662-48839-2
040 |aCaOODSP|beng
043 |an-cn---
0861 |aH14-34/2008E-PDF
1101 |aCanada.|bAssisted Human Reproduction Canada.
24514|aThe Assisted Human Reproduction Act : |h[electronic resource]|ba guide for patients
260 |aOttawa - Ontario : |bAssisted Human Reproduction Canada |cc2008.
300 |a1p.
500 |aThe catalogue number (H14-34/2008) and ISBN (978-0-662-05775-8) for the bilingual print edition have been incorrectly copied in this PDF edition.
590 |a09-09|b2009-02-27
69007|aReproductive technology|2gcpds
77508|tLa loi sur la Procréation assistée : |w(CaOODSP)9.635408
7760#|tThe Assisted Human Reproduction Act : |w(CaOODSP)9.670203
7760#|tLa loi sur la Procréation assistée : |w(CaOODSP)9.670204
85640|ahttp://publications.gc.ca|qPDF|s533 KB|uhttps://publications.gc.ca/collections/collection_2009/sc-hc/H14-34-2008E.pdf